| 000 | 00460nam a22001817a 4500 | ||
|---|---|---|---|
| 003 | CEME | ||
| 005 | 20210628210049.0 | ||
| 008 | 210211b xxu||||| |||| 00| 0 eng d | ||
| 020 | _a81-7273-005-5 | ||
| 040 | _c. | ||
| 082 | _a025 GOP | ||
| 100 |
_aGopal, Krishan _963191 |
||
| 245 | _aModern library automation | ||
| 260 |
_aNEW DELHI _bAUTORS PRESS _c2000 |
||
| 300 | _a264P | ||
| 650 |
_aLIBRARY AUTOMATION AUTOMATION-LIBRARY _978031 |
||
| 942 |
_cBK _2ddc |
||
| 999 |
_c583189 _d583189 |
||